000 00655nam a2200265Ia 4500
005 20260121165039.0
008 008 260114s9999 xx 000 0 eng d
020 _a9781137539670
037 _aEBOOK
040 _aCRL
040 _beng
040 _cCRL
041 _2eng
041 _aeng
084 _qCRL
100 _aX. Zhang, H. Wasserman, W. Mano
_91046877
245 0 _aChina's Media and Soft Power in Africa
260 _bSpringer
260 _bSpringer
260 _c2016
856 _uhttps://link.springer.com/openurl?genre=book&isbn=978-1-137-53967-0
942 _cEBOOK
999 _c1612602
_d1612602